000 00297nam a22001457a 4500
008 210429b ||||| |||| 00| 0 eng d
020 _a0201210932
041 _aeng
080 _a54
082 _a54
100 _a12
101 _aKIM
245 _aChemistry
_cWilbraham,A.C
942 _2udc
_cBK
999 _c57012
_d57012